| 000 | 00620nam a22001937a 4500 | ||
|---|---|---|---|
| 999 |
_c525316 _d525316 |
||
| 003 | NUST | ||
| 005 | 20190701044630.0 | ||
| 008 | 190701b ||||| |||| 00| 0 eng d | ||
| 038 | _aMr. Zahoor | ||
| 082 | _a628 | ||
| 100 |
_aSyed, Ali Hasan _916116 |
||
| 245 |
_aSpatial and Temporal analysis of CO2 over South Asia From 2002 to 2016 Via Satellite Observations / _cAli Hasan Syed |
||
| 260 |
_aIslambad: _bIESE - NUST, _c2018 |
||
| 300 |
_ax, 53 p.: ill.; _b30cm. |
||
| 500 | _aHard Cover | ||
| 650 |
_aEnvironmental Sciences - MS Thesis _916117 |
||
| 700 |
_aDr. Muhammad Fahim Khokhar _916118 |
||
| 942 |
_2ddc _cTHE |
||